[Event "PMPJ 2022 - C15"]
[Site "Jastrzebia Gora"]
[Date "2022.11.12"]
[Round "4.8"]
[White "Rylski, Tadeusz"]
[Black "Niemczyk, Krzysztof"]
[Result "1-0"]
[BlackElo "1575"]
[WhiteElo "1741"]
[LiveChessVersion "1.4.4"]

1. e4 {[%clk 1:28:58]} e5 {[%clk 1:30:57]} 2. Nf3 {[%clk 1:29:23]} Nc6
{[%clk 1:31:24]} 3. Bb5 {[%clk 1:29:46]} a6 {[%clk 1:31:49]} 4. Ba4
{[%clk 1:30:13]} d6 {[%clk 1:32:14]} 5. c4 {[%clk 1:30:38]} g6 {[%clk 1:30:40]}
6. d4 {[%clk 1:26:52]} Bd7 {[%clk 1:31:01]} 7. Nc3 {[%clk 1:25:00]} Bg7
{[%clk 1:31:16]} 8. Bg5 {[%clk 1:18:09]} f6 {[%clk 1:16:14]} 9. Be3
{[%clk 1:13:30]} exd4 {[%clk 1:15:21]} 10. Nxd4 {[%clk 1:10:43]} Nge7
{[%clk 1:15:05]} 11. O-O {[%clk 0:59:45]} O-O {[%clk 1:15:00]} 12. c5
{[%clk 0:47:35]} Nxd4 {[%clk 1:01:44]} 13. Bxd4 {[%clk 0:42:38]} Bxa4
{[%clk 0:37:43]} 14. Qxa4 {[%clk 0:37:12]} Nc6 {[%clk 0:36:23]} 15. Rad1
{[%clk 0:28:54]} Nxd4 {[%clk 0:31:26]} 16. Qxd4 {[%clk 0:29:15]} f5
{[%clk 0:28:05]} 17. Qd5+ {[%clk 0:23:00]} Kh8 {[%clk 0:28:25]} 18. cxd6
{[%clk 0:23:10]} Qxd6 {[%clk 0:19:58]} 19. Qxb7 {[%clk 0:18:37]} Qb6
{[%clk 0:18:19]} 20. Qxb6 {[%clk 0:18:41]} cxb6 {[%clk 0:18:39]} 21. exf5
{[%clk 0:15:30]} Bxc3 {[%clk 0:19:01]} 22. bxc3 {[%clk 0:15:43]} Rxf5
{[%clk 0:19:25]} 23. Rd6 {[%clk 0:11:47]} Rc5 {[%clk 0:18:15]} 24. Rxb6
{[%clk 0:11:52]} Rxc3 {[%clk 0:18:38]} 25. Rfb1 {[%clk 0:10:31]} Ra3
{[%clk 0:06:04]} 26. R6b2 {[%clk 0:09:14]} Rc8 {[%clk 0:05:50]} 27. g3
{[%clk 0:09:01]} h5 {[%clk 0:05:25]} 28. h4 {[%clk 0:08:21]} Kg7 {[%clk 0:04:50]}
29. Rd2 {[%clk 0:07:08]} Kf6 {[%clk 0:02:53]} 30. Rb6+ {[%clk 0:06:23]} Kg7
{[%clk 0:01:48]} 31. Rdd6 {[%clk 0:03:55]} a5 {[%clk 0:01:27]} 32. Rxg6+
{[%clk 0:04:10]} Kf7 {[%clk 0:01:52]} 33. Rgf6+ {[%clk 0:03:15]} Kg7
{[%clk 0:01:47]} 34. Rf5 {[%clk 0:03:10]} Rxa2 {[%clk 0:01:46]} 35. Rg5+
{[%clk 0:03:05]} Kf7 {[%clk 0:02:04]} 36. Rxh5 {[%clk 0:03:27]} a4
{[%clk 0:01:36]} 37. Rh7+ {[%clk 0:03:17]} Kg8 {[%clk 0:02:00]} 38. Ra7
{[%clk 0:03:42]} Rd8 {[%clk 0:01:02]} 1-0

[Event "PMPJ 2022 - C15"]
[Site "Jastrzebia Gora"]
[Date "2022.11.12"]
[Round "4.9"]
[White "Chmura, Eryk"]
[Black "Lonski, Aleksander"]
[Result "0-1"]
[BlackElo "1656"]
[WhiteElo "1614"]
[LiveChessVersion "1.4.4"]

1. e4 {[%clk 1:30:56]} c5 {[%clk 1:30:53]} 2. c3 {[%clk 1:31:20]} g6
{[%clk 1:31:17]} 3. d4 {[%clk 1:31:45]} cxd4 {[%clk 1:31:43]} 4. cxd4
{[%clk 1:32:08]} d5 {[%clk 1:32:05]} 5. e5 {[%clk 1:32:33]} Nc6 {[%clk 1:32:28]}
6. Bb5 {[%clk 1:32:39]} Bg7 {[%clk 1:32:16]} 7. Nc3 {[%clk 1:32:56]} Bd7
{[%clk 1:23:33]} 8. Nf3 {[%clk 1:20:44]} a6 {[%clk 1:21:40]} 9. Bxc6
{[%clk 1:14:52]} Bxc6 {[%clk 1:21:57]} 10. O-O {[%clk 1:15:09]} Nh6
{[%clk 1:16:20]} 11. Bf4 {[%clk 1:15:07]} e6 {[%clk 1:12:35]} 12. b4
{[%clk 1:04:10]} O-O {[%clk 1:11:26]} 13. a4 {[%clk 0:55:38]} Qd7
{[%clk 1:09:08]} 14. Nd2 {[%clk 0:51:07]} Rfc8 {[%clk 1:05:37]} 15. Nb3
{[%clk 0:47:55]} b6 {[%clk 1:04:20]} 16. Qd3 {[%clk 0:43:33]} Qe7
{[%clk 0:58:33]} 17. Bd2 {[%clk 0:37:39]} f6 {[%clk 0:37:36]} 18. f4
{[%clk 0:36:29]} Nf7 {[%clk 0:35:10]} 19. a5 {[%clk 0:31:05]} bxa5
{[%clk 0:34:03]} 20. bxa5 {[%clk 0:27:07]} Qa7 {[%clk 0:27:04]} 21. Kh1
{[%clk 0:25:08]} fxe5 {[%clk 0:21:55]} 22. fxe5 {[%clk 0:25:14]} Qe7
{[%clk 0:21:45]} 23. Rfc1 {[%clk 0:18:56]} Qh4 {[%clk 0:18:36]} 24. Be1
{[%clk 0:16:58]} Qg4 {[%clk 0:16:10]} 25. Qg3 {[%clk 0:10:58]} Qh5
{[%clk 0:13:54]} 26. Qh4 {[%clk 0:10:22]} Qxh4 {[%clk 0:03:56]} 27. Bxh4
{[%clk 0:10:44]} Nxe5 {[%clk 0:03:43]} 28. dxe5 {[%clk 0:10:01]} Bxe5
{[%clk 0:04:05]} 29. Bf2 {[%clk 0:07:30]} Rab8 {[%clk 0:02:42]} 30. Bb6
{[%clk 0:01:59]} Bb5 {[%clk 0:00:37]} 31. Nxb5 {[%clk 0:01:35]} Bxa1
{[%clk 0:00:33]} 32. Rxa1 {[%clk 0:02:00]} axb5 {[%clk 0:00:56]} 33. Nd4
{[%clk 0:01:04]} b4 {[%clk 0:00:47]} 34. Nxe6 {[%clk 0:00:48]} b3
{[%clk 0:00:43]} 35. Nc5 {[%clk 0:00:38]} b2 {[%clk 0:00:50]} 36. Re1
{[%clk 0:00:34]} Rxb6 {[%clk 0:00:35]} 37. axb6 {[%clk 0:00:36]} Rxc5
{[%clk 0:01:01]} 38. b7 {[%clk 0:00:31]} Rb5 {[%clk 0:01:26]} 39. Rb1
{[%clk 0:00:33]} Rxb7 {[%clk 0:01:51]} 40. Kg1 {[%clk 0:01:00]} Kf7
{[%clk 0:02:02]} 41. Kf2 {[%clk 0:01:26]} Ke6 {[%clk 0:02:17]} 42. Ke3
{[%clk 0:01:53]} Ke5 {[%clk 0:02:14]} 43. Kd3 {[%clk 0:02:21]} d4
{[%clk 0:02:05]} 44. Kc4 {[%clk 0:02:31]} Ke4 {[%clk 0:01:52]} 45. Re1+
{[%clk 0:02:36]} Kf4 {[%clk 0:02:05]} 46. Rb1 {[%clk 0:02:59]} Ke3
{[%clk 0:02:27]} 0-1

[Event "PMPJ 2022 - C15"]
[Site "Jastrzebia Gora"]
[Date "2022.11.12"]
[Round "4.10"]
[White "Latacz, Grzegorz"]
[Black "Zydok, Ignacy"]
[Result "1-0"]
[BlackElo "1200"]
[WhiteElo "1645"]
[LiveChessVersion "1.4.4"]

1. d4 {[%clk 1:30:15]} Nf6 {[%clk 1:30:59]} 2. c4 {[%clk 1:30:39]} g6
{[%clk 1:31:27]} 3. Nc3 {[%clk 1:30:58]} Bg7 {[%clk 1:31:54]} 4. e4
{[%clk 1:31:06]} d6 {[%clk 1:32:22]} 5. Nf3 {[%clk 1:31:23]} O-O {[%clk 1:32:49]}
6. Be2 {[%clk 1:31:32]} e5 {[%clk 1:33:11]} 7. O-O {[%clk 1:31:54]} Nc6
{[%clk 1:33:40]} 8. d5 {[%clk 1:32:17]} Ne7 {[%clk 1:34:08]} 9. b4
{[%clk 1:32:38]} Ne8 {[%clk 1:34:25]} 10. a4 {[%clk 1:24:25]} f5 {[%clk 1:34:49]}
11. Ng5 {[%clk 1:19:33]} Rf6 {[%clk 1:25:10]} 12. c5 {[%clk 1:03:01]} f4
{[%clk 1:15:18]} 13. Ba3 {[%clk 0:44:04]} Bf8 {[%clk 1:00:19]} 14. Qb3
{[%clk 0:35:11]} Ng7 {[%clk 0:59:25]} 15. b5 {[%clk 0:29:47]} h6 {[%clk 0:53:35]}
16. Nf3 {[%clk 0:28:22]} g5 {[%clk 0:53:36]} 17. cxd6 {[%clk 0:22:42]} cxd6
{[%clk 0:53:13]} 18. Nxe5 {[%clk 0:20:31]} dxe5 {[%clk 0:48:37]} 19. d6+
{[%clk 0:20:56]} Be6 {[%clk 0:49:03]} 20. dxe7 {[%clk 0:21:10]} Bxe7
{[%clk 0:49:29]} 21. Bxe7 {[%clk 0:19:36]} Qxe7 {[%clk 0:49:58]} 22. Nd5
{[%clk 0:18:07]} Qf7 {[%clk 0:50:25]} 23. Nxf6+ {[%clk 0:17:53]} Qxf6
{[%clk 0:50:52]} 24. Bc4 {[%clk 0:16:33]} Kh7 {[%clk 0:45:27]} 25. f3
{[%clk 0:14:30]} h5 {[%clk 0:43:58]} 26. Rad1 {[%clk 0:13:49]} Qe7
{[%clk 0:42:58]} 27. Bxe6 {[%clk 0:13:18]} Nxe6 {[%clk 0:43:25]} 28. Qd5
{[%clk 0:11:05]} Nd4 {[%clk 0:42:50]} 29. Rxd4 {[%clk 0:10:53]} exd4
{[%clk 0:43:16]} 30. Qxd4 {[%clk 0:11:02]} Rd8 {[%clk 0:38:44]} 31. Qc3
{[%clk 0:10:43]} Rd7 {[%clk 0:35:15]} 32. Rc1 {[%clk 0:07:49]} g4
{[%clk 0:32:36]} 33. Qc2 {[%clk 0:01:12]} gxf3 {[%clk 0:30:39]} 34. gxf3
{[%clk 0:01:20]} Qg7+ {[%clk 0:31:03]} 35. Kh1 {[%clk 0:00:53]} Qg6
{[%clk 0:29:25]} 36. Rg1 {[%clk 0:00:44]} Qe6 {[%clk 0:28:48]} 37. Qc5
{[%clk 0:00:33]} Qh3 {[%clk 0:26:41]} 38. Qf5+ {[%clk 0:00:33]} Qxf5
{[%clk 0:27:07]} 39. exf5 {[%clk 0:01:01]} Rf7 {[%clk 0:27:23]} 40. Rd1
{[%clk 0:00:50]} Kh6 {[%clk 0:25:57]} 41. h4 {[%clk 0:00:52]} Kg7
{[%clk 0:25:53]} 42. Rd5 {[%clk 0:00:53]} Kf6 {[%clk 0:24:35]} 43. Kg2
{[%clk 0:00:44]} Rc7 {[%clk 0:23:51]} 44. Rd6+ {[%clk 0:00:39]} Kxf5
{[%clk 0:24:16]} 45. Rh6 {[%clk 0:00:55]} Rc2+ {[%clk 0:24:01]} 46. Kh3
{[%clk 0:01:13]} Ra2 {[%clk 0:20:56]} 47. Rxh5+ {[%clk 0:01:36]} Kg6
{[%clk 0:21:23]} 48. Rg5+ {[%clk 0:01:35]} Kf6 {[%clk 0:21:48]} 49. Kg4
{[%clk 0:01:19]} Rg2+ {[%clk 0:18:43]} 50. Kxf4 {[%clk 0:01:19]} Ra2
{[%clk 0:19:00]} 51. Rd5 {[%clk 0:00:42]} Rxa4+ {[%clk 0:19:27]} 52. Kg3
{[%clk 0:01:06]} Ke6 {[%clk 0:15:20]} 53. Rg5 {[%clk 0:01:12]} Kf6
{[%clk 0:15:25]} 54. Rd5 {[%clk 0:00:41]} Ke6 {[%clk 0:15:43]} 55. Rc5
{[%clk 0:00:42]} b6 {[%clk 0:14:14]} 56. Rg5 {[%clk 0:00:57]} Ra1
{[%clk 0:14:40]} 57. f4 {[%clk 0:00:47]} Rg1+ {[%clk 0:14:52]} 58. Kf3
{[%clk 0:00:59]} Ra1 {[%clk 0:14:52]} 59. Kg4 {[%clk 0:00:50]} Rg1+
{[%clk 0:15:16]} 60. Kf3 {[%clk 0:01:00]} Ra1 {[%clk 0:15:28]} 61. h5
{[%clk 0:01:10]} Kf6 {[%clk 0:15:17]} 62. Rg6+ {[%clk 0:00:35]} Kf7
{[%clk 0:15:41]} 63. Kg4 {[%clk 0:00:43]} Rg1+ {[%clk 0:15:49]} 64. Kf5
{[%clk 0:00:33]} Rh1 {[%clk 0:16:13]} 65. Rh6 {[%clk 0:00:34]} Kg7
{[%clk 0:16:31]} 66. Rg6+ {[%clk 0:00:58]} Kf7 {[%clk 0:16:58]} 67. Rg5
{[%clk 0:01:19]} Rh2 {[%clk 0:16:36]} 68. Ke5 {[%clk 0:01:13]} Rd2
{[%clk 0:16:46]} 69. Ke4 {[%clk 0:00:51]} Rd1 {[%clk 0:16:37]} 70. Rd5
{[%clk 0:00:56]} Re1+ {[%clk 0:16:55]} 71. Kf5 {[%clk 0:01:07]} Rh1
{[%clk 0:17:23]} 72. Rd7+ {[%clk 0:01:05]} Ke8 73. Rh7 {[%clk 0:01:25]} Rb1
{[%clk 0:17:39]} 74. Ke6 {[%clk 0:01:03]} Kf8 {[%clk 0:18:07]} 75. Kf6
{[%clk 0:00:52]} Kg8 {[%clk 0:18:17]} 76. Rxa7 {[%clk 0:00:43]} Rxb5
{[%clk 0:18:43]} 77. Kg6 {[%clk 0:00:48]} Kf8 {[%clk 0:19:11]} 78. h6
{[%clk 0:01:00]} Rb1 {[%clk 0:19:38]} 79. Ra8+ {[%clk 0:00:43]} Ke7
{[%clk 0:20:05]} 80. h7 {[%clk 0:01:05]} Rg1+ {[%clk 0:20:31]} 81. Kf5
{[%clk 0:01:30]} 1-0

[Event "PMPJ 2022 - C15"]
[Site "Jastrzebia Gora"]
[Date "2022.11.12"]
[Round "4.11"]
[White "Nagly, Wojciech"]
[Black "Krasniewski, Maciej"]
[Result "1/2-1/2"]
[BlackElo "1619"]
[WhiteElo "1559"]
[LiveChessVersion "1.4.4"]

1. d4 {[%clk 1:30:23]} Nf6 {[%clk 1:30:56]} 2. Nf3 {[%clk 1:30:44]} g6
{[%clk 1:31:22]} 3. e3 {[%clk 1:31:04]} Bg7 {[%clk 1:31:43]} 4. Be2
{[%clk 1:31:22]} O-O {[%clk 1:32:04]} 5. O-O {[%clk 1:31:46]} d6 {[%clk 1:32:14]}
6. c4 {[%clk 1:31:20]} Nbd7 {[%clk 1:32:16]} 7. Nc3 {[%clk 1:31:20]} c6
{[%clk 1:32:21]} 8. Qc2 {[%clk 1:30:53]} e5 {[%clk 1:32:36]} 9. Rd1
{[%clk 1:29:30]} Qe7 {[%clk 1:33:00]} 10. b4 {[%clk 1:28:12]} a5 {[%clk 1:26:22]}
11. bxa5 {[%clk 1:26:32]} Rxa5 {[%clk 1:26:42]} 12. a4 {[%clk 1:26:42]} exd4
{[%clk 1:19:22]} 13. Nxd4 {[%clk 1:26:17]} Nc5 {[%clk 1:18:27]} 14. Ba3
{[%clk 1:25:04]} Nfe4 {[%clk 1:12:20]} 15. Bb4 {[%clk 1:15:48]} Ra8
{[%clk 1:12:00]} 16. Bf3 {[%clk 1:05:53]} Ng5 {[%clk 1:08:10]} 17. Be2
{[%clk 1:01:41]} Rd8 {[%clk 1:07:16]} 18. Ra2 {[%clk 0:55:57]} h5
{[%clk 0:53:24]} 19. Bf1 {[%clk 0:46:53]} h4 {[%clk 0:52:36]} 20. h3
{[%clk 0:46:45]} Nce4 {[%clk 0:33:42]} 21. Nxe4 {[%clk 0:39:49]} Nxe4
{[%clk 0:33:56]} 22. Nf3 {[%clk 0:38:02]} c5 {[%clk 0:30:56]} 23. Be1
{[%clk 0:38:02]} Bf5 {[%clk 0:29:54]} 24. Bd3 {[%clk 0:37:45]} Rac8
{[%clk 0:23:38]} 25. Bxe4 {[%clk 0:24:19]} Bxe4 {[%clk 0:24:01]} 26. Qe2
{[%clk 0:24:34]} Re8 {[%clk 0:22:59]} 27. Nd2 {[%clk 0:23:22]} Bc6
{[%clk 0:23:15]} 28. Qg4 {[%clk 0:22:14]} Ra8 {[%clk 0:08:51]} 29. a5
{[%clk 0:16:13]} Qf6 {[%clk 0:07:15]} 30. Nb1 {[%clk 0:13:36]} Re4
{[%clk 0:07:19]} 31. Qe2 {[%clk 0:13:46]} Qg5 {[%clk 0:06:27]} 32. f4
{[%clk 0:12:08]} Qe7 {[%clk 0:06:45]} 33. Bf2 {[%clk 0:11:01]} Bd4
{[%clk 0:04:12]} 34. Nd2 {[%clk 0:10:06]} Rxf4 35. Nf3 {[%clk 0:10:17]} Re4
{[%clk 0:03:28]} 36. Nxd4 {[%clk 0:10:24]} cxd4 {[%clk 0:03:53]} 37. Rxd4
{[%clk 0:10:39]} Re8 {[%clk 0:04:05]} 38. Qd3 {[%clk 0:09:31]} Qg5
{[%clk 0:03:28]} 39. Qf1 {[%clk 0:07:09]} Bd7 {[%clk 0:01:07]} 40. Kh1
{[%clk 0:06:13]} Bc6 {[%clk 0:00:36]} 41. Rxe4 {[%clk 0:05:15]} Rxe4
{[%clk 0:00:55]} 42. Bg1 {[%clk 0:05:33]} Qg3 {[%clk 0:00:37]} 43. Qf2
{[%clk 0:03:05]} Rxc4 {[%clk 0:00:52]} 44. Qxg3 {[%clk 0:02:36]} hxg3
{[%clk 0:01:15]} 45. e4 {[%clk 0:01:43]} Rxe4 {[%clk 0:00:58]} 46. Ra3
{[%clk 0:02:00]} Ra4 {[%clk 0:00:42]} 47. Rxa4 {[%clk 0:01:54]} Bxa4
{[%clk 0:01:07]} 48. Be3 {[%clk 0:02:18]} d5 {[%clk 0:01:23]} 49. Bf4
{[%clk 0:02:19]} Kg7 {[%clk 0:01:44]} 50. Bxg3 {[%clk 0:02:38]} Kf6
{[%clk 0:02:09]} 51. Kg1 {[%clk 0:03:02]} Kf5 {[%clk 0:02:28]} 52. Kf2
{[%clk 0:03:06]} Ke4 {[%clk 0:02:54]} 53. Ke1 {[%clk 0:02:04]} Kd3
{[%clk 0:03:11]} 54. Be5 {[%clk 0:02:23]} Bd7 {[%clk 0:02:48]} 55. h4
{[%clk 0:02:44]} Ke4 {[%clk 0:01:34]} 56. Bc7 {[%clk 0:02:49]} Kd3
{[%clk 0:01:12]} 57. Be5 {[%clk 0:03:13]} d4 {[%clk 0:01:24]} 58. Bf6
{[%clk 0:02:37]} Bc6 {[%clk 0:00:48]} 59. g3 {[%clk 0:01:43]} Ke3
{[%clk 0:00:47]} 60. Bg5+ {[%clk 0:02:03]} Kf3 {[%clk 0:00:52]} 61. Bf4
{[%clk 0:02:10]} f6 {[%clk 0:01:04]} 62. Kd2 {[%clk 0:02:33]} Bb5
{[%clk 0:01:29]} 63. Bb8 {[%clk 0:02:27]} Kg4 {[%clk 0:01:47]} 64. Bf4
{[%clk 0:02:41]} g5 {[%clk 0:02:11]} 65. hxg5 {[%clk 0:03:04]} fxg5
{[%clk 0:02:39]} 66. Be5 {[%clk 0:03:21]} Kf3 {[%clk 0:02:57]} 67. Bd6
{[%clk 0:03:46]} 1/2-1/2

[Event "PMPJ 2022 - C15"]
[Site "Jastrzebia Gora"]
[Date "2022.11.12"]
[Round "4.12"]
[White "Bochenek, Ryszard"]
[Black "Sniadecki, Oskar"]
[Result "0-1"]
[BlackElo "1615"]
[WhiteElo "1437"]
[LiveChessVersion "1.4.4"]

1. e4 {[%clk 1:30:53]} d5 {[%clk 1:30:55]} 2. exd5 {[%clk 1:31:13]} Qxd5
{[%clk 1:31:20]} 3. d4 {[%clk 1:30:09]} Nf6 {[%clk 1:31:36]} 4. Nc3
{[%clk 1:26:50]} Qd6 {[%clk 1:31:55]} 5. Bc4 {[%clk 1:22:16]} a6 {[%clk 1:31:55]}
6. Bb3 {[%clk 1:22:28]} Nc6 {[%clk 1:27:54]} 7. Nge2 {[%clk 1:22:41]} Bf5
{[%clk 1:18:15]} 8. Bf4 {[%clk 1:19:57]} Qd7 {[%clk 1:18:28]} 9. f3
{[%clk 1:19:24]} e6 {[%clk 1:10:41]} 10. a3 {[%clk 1:18:23]} O-O-O
{[%clk 1:07:23]} 11. Be3 {[%clk 1:16:01]} h6 {[%clk 1:05:13]} 12. Qd2
{[%clk 1:13:13]} Ne7 {[%clk 1:00:08]} 13. Ng3 {[%clk 1:04:44]} Nfd5
{[%clk 0:55:31]} 14. Bf2 {[%clk 1:03:10]} g5 {[%clk 0:49:33]} 15. Nce4
{[%clk 0:48:41]} Ng6 {[%clk 0:40:11]} 16. O-O-O {[%clk 0:42:13]} Qc6
{[%clk 0:25:22]} 17. Be3 {[%clk 0:31:09]} Nh4 {[%clk 0:20:18]} 18. Kb1
{[%clk 0:30:11]} Bg6 {[%clk 0:19:23]} 19. Bxd5 {[%clk 0:11:34]} exd5
{[%clk 0:18:42]} 20. Nc5 {[%clk 0:11:11]} Bxc5 {[%clk 0:16:55]} 21. dxc5
{[%clk 0:11:37]} Qa4 {[%clk 0:16:42]} 22. Bd4 {[%clk 0:11:17]} Rhe8
{[%clk 0:13:34]} 23. Bf6 {[%clk 0:09:48]} Rd7 {[%clk 0:13:48]} 24. Rhe1
{[%clk 0:10:08]} Re6 {[%clk 0:13:32]} 25. Bc3 {[%clk 0:07:19]} Rde7
{[%clk 0:11:23]} 26. Ne4 {[%clk 0:04:09]} Rxe4 {[%clk 0:05:02]} 27. fxe4
{[%clk 0:04:21]} Bxe4 {[%clk 0:05:28]} 28. Re2 {[%clk 0:03:36]} f5
{[%clk 0:03:04]} 29. Rf1 {[%clk 0:01:47]} f4 {[%clk 0:02:12]} 30. Bb4
{[%clk 0:01:05]} Qb5 {[%clk 0:02:09]} 31. Kc1 {[%clk 0:00:35]} Bxg2
{[%clk 0:01:55]} 32. Rxe7 {[%clk 0:00:34]} Qxf1+ {[%clk 0:02:23]} 33. Re1
{[%clk 0:00:36]} Qb5 {[%clk 0:02:37]} 34. c6 {[%clk 0:00:37]} Qxc6
{[%clk 0:02:46]} 35. Re7 {[%clk 0:00:38]} Be4 {[%clk 0:02:48]} 36. Qc3
{[%clk 0:00:32]} Qxc3 {[%clk 0:02:55]} 37. Bxc3 {[%clk 0:01:00]} Nf5
{[%clk 0:02:12]} 38. Re8+ {[%clk 0:01:08]} Kd7 {[%clk 0:02:37]} 39. Rh8
{[%clk 0:01:34]} c5 {[%clk 0:01:30]} 40. b4 {[%clk 0:01:34]} d4 {[%clk 0:01:56]}
41. Be1 {[%clk 0:02:00]} c4 {[%clk 0:02:18]} 42. Kd2 {[%clk 0:02:03]} c3+
{[%clk 0:02:40]} 43. Kc1 {[%clk 0:01:51]} Bc6 {[%clk 0:02:53]} 44. Bf2
{[%clk 0:02:02]} Ke6 {[%clk 0:03:18]} 45. Rd8 {[%clk 0:01:50]} Ke5
{[%clk 0:03:42]} 46. Kd1 {[%clk 0:02:01]} Ke4 {[%clk 0:04:07]} 47. Rf8
{[%clk 0:02:15]} Ne3+ {[%clk 0:04:26]} 48. Bxe3 {[%clk 0:01:07]} dxe3
{[%clk 0:04:44]} 49. Rf6 {[%clk 0:01:01]} f3 {[%clk 0:05:00]} 50. Ke1
{[%clk 0:01:01]} f2+ {[%clk 0:05:24]} 0-1

[Event "PMPJ 2022 - C15"]
[Site "Jastrzebia Gora"]
[Date "2022.11.12"]
[Round "4.13"]
[White "Palasz, Jakub"]
[Black "Grzadka, Artur"]
[Result "0-1"]
[BlackElo "1687"]
[WhiteElo "1170"]
[LiveChessVersion "1.4.4"]

1. e4 {[%clk 1:30:58]} c6 {[%clk 1:30:56]} 2. Nf3 {[%clk 1:31:22]} d5
{[%clk 1:31:20]} 3. Nc3 {[%clk 1:31:44]} Bg4 {[%clk 1:31:39]} 4. Be2
{[%clk 1:31:38]} e6 {[%clk 1:31:43]} 5. d4 {[%clk 1:30:18]} Nf6 {[%clk 1:28:48]}
6. exd5 {[%clk 1:27:32]} cxd5 {[%clk 1:28:41]} 7. Ne5 {[%clk 1:27:16]} Bxe2
{[%clk 1:26:00]} 8. Nxe2 {[%clk 1:27:12]} Nc6 {[%clk 1:25:50]} 9. O-O
{[%clk 1:27:04]} Nxe5 {[%clk 1:22:53]} 10. dxe5 {[%clk 1:27:15]} Nd7
{[%clk 1:23:11]} 11. f4 {[%clk 1:27:02]} g6 {[%clk 1:22:44]} 12. Be3
{[%clk 1:25:37]} Qc7 {[%clk 1:22:29]} 13. c3 {[%clk 1:25:45]} Be7
{[%clk 1:18:02]} 14. Nd4 {[%clk 1:25:48]} a6 {[%clk 1:17:21]} 15. Qf3
{[%clk 1:25:30]} Bc5 {[%clk 0:47:32]} 16. Rae1 {[%clk 1:22:41]} O-O-O
{[%clk 0:35:55]} 17. b4 {[%clk 1:18:52]} Bxd4 {[%clk 0:34:58]} 18. Bxd4
{[%clk 1:18:19]} Nb6 {[%clk 0:35:16]} 19. Qf2 {[%clk 1:17:21]} Nc4
{[%clk 0:35:27]} 20. Rb1 {[%clk 1:16:52]} b6 {[%clk 0:34:53]} 21. a4
{[%clk 1:10:49]} Kb7 {[%clk 0:34:57]} 22. a5 {[%clk 1:09:43]} b5 {[%clk 0:35:19]}
23. Bc5 {[%clk 1:09:15]} Rc8 {[%clk 0:31:33]} 24. Rfc1 {[%clk 1:07:00]} Qd8
{[%clk 0:27:23]} 25. Rf1 {[%clk 1:00:35]} Rc6 {[%clk 0:25:52]} 26. g4
{[%clk 1:00:16]} Rg8 {[%clk 0:13:53]} 27. g5 {[%clk 0:59:07]} h6 {[%clk 0:13:29]}
28. h4 {[%clk 0:57:00]} Rh8 {[%clk 0:11:42]} 29. Kg2 {[%clk 0:56:27]} Rc8
{[%clk 0:02:41]} 30. Rh1 {[%clk 0:55:47]} Qc7 {[%clk 0:01:42]} 31. Rbf1
{[%clk 0:52:11]} Rh7 {[%clk 0:01:07]} 32. Rh2 {[%clk 0:43:41]} Rch8
{[%clk 0:00:55]} 33. Rfh1 {[%clk 0:44:02]} Qd8 {[%clk 0:00:55]} 34. Kg1
{[%clk 0:43:05]} Qe8 {[%clk 0:00:35]} 35. Kf1 {[%clk 0:42:55]} Qd8
{[%clk 0:00:39]} 36. Kg1 {[%clk 0:43:18]} Kb8 {[%clk 0:00:33]} 37. Ba7+
{[%clk 0:43:06]} Kb7 {[%clk 0:01:00]} 38. Bc5 {[%clk 0:43:29]} h5
{[%clk 0:00:35]} 39. Kf1 {[%clk 0:43:44]} Qc7 {[%clk 0:00:53]} 40. Kg1
{[%clk 0:43:31]} Rc8 {[%clk 0:01:18]} 41. Kg2 {[%clk 0:43:24]} Rhh8
{[%clk 0:01:27]} 42. Rc1 {[%clk 0:43:28]} Qc6 {[%clk 0:00:57]} 43. Kg1
{[%clk 0:43:29]} Rhd8 {[%clk 0:00:56]} 44. Rh3 {[%clk 0:43:19]} Nxa5
{[%clk 0:00:41]} 45. Ra1 {[%clk 0:40:52]} Nb3 {[%clk 0:00:48]} 46. Ra3
{[%clk 0:40:39]} Nxc5 {[%clk 0:01:12]} 47. bxc5 {[%clk 0:41:04]} Qxc5
{[%clk 0:01:41]} 48. Rh2 {[%clk 0:41:07]} Qxa3 {[%clk 0:02:02]} 0-1

[Event "PMPJ 2022 - C15"]
[Site "Jastrzebia Gora"]
[Date "2022.11.12"]
[Round "4.14"]
[White "Borowik, Karol"]
[Black "Grzebieniowski, Michal"]
[Result "1/2-1/2"]
[BlackElo "1665"]
[WhiteElo "1451"]
[LiveChessVersion "1.4.4"]

1. d4 {[%clk 1:30:59]} c5 {[%clk 1:30:59]} 2. d5 {[%clk 1:31:25]} e6
{[%clk 1:31:26]} 3. e4 {[%clk 1:31:47]} exd5 {[%clk 1:31:53]} 4. exd5 d6
{[%clk 1:32:17]} 5. Nf3 {[%clk 1:32:21]} Nf6 {[%clk 1:32:41]} 6. Bc4
{[%clk 1:32:36]} Be7 {[%clk 1:33:07]} 7. O-O {[%clk 1:32:29]} O-O
{[%clk 1:33:33]} 8. h3 {[%clk 1:32:13]} Na6 {[%clk 1:33:39]} 9. Nc3
{[%clk 1:30:09]} Nc7 {[%clk 1:34:02]} 10. a4 {[%clk 1:30:03]} b6 {[%clk 1:34:27]}
11. Bf4 {[%clk 1:27:31]} a6 {[%clk 1:34:50]} 12. Qd3 {[%clk 1:14:23]} Rb8
{[%clk 1:34:39]} 13. Bh2 {[%clk 0:56:09]} b5 {[%clk 1:25:42]} 14. axb5
{[%clk 0:46:33]} axb5 {[%clk 1:26:10]} 15. Nxb5 {[%clk 0:44:29]} Nxb5
{[%clk 1:26:32]} 16. Bxb5 {[%clk 0:43:24]} Nxd5 {[%clk 1:26:44]} 17. c4
{[%clk 0:38:35]} Nc7 {[%clk 1:22:41]} 18. Rfd1 {[%clk 0:30:50]} Rb6
{[%clk 1:22:43]} 19. Rab1 {[%clk 0:21:45]} Nxb5 {[%clk 1:16:09]} 20. cxb5
{[%clk 0:21:35]} Bd7 {[%clk 1:16:37]} 21. b4 {[%clk 0:19:19]} Bxb5
{[%clk 1:16:17]} 22. Qd2 {[%clk 0:18:32]} Bc6 {[%clk 1:14:22]} 23. bxc5
{[%clk 0:17:33]} Rxb1 {[%clk 1:14:46]} 24. Rxb1 {[%clk 0:17:58]} dxc5
{[%clk 1:15:07]} 25. Qxd8 {[%clk 0:15:45]} Rxd8 {[%clk 1:15:34]} 26. Ne5
{[%clk 0:14:59]} Ba8 {[%clk 1:14:45]} 27. Bg3 {[%clk 0:13:35]} f6
{[%clk 1:15:07]} 28. Nc4 {[%clk 0:13:13]} Kf7 {[%clk 1:15:28]} 29. Rc1
{[%clk 0:11:56]} Bd5 {[%clk 1:15:22]} 30. Nb6 {[%clk 0:11:10]} Be6
{[%clk 1:15:39]} 31. f3 {[%clk 0:09:05]} Rd4 {[%clk 1:15:50]} 32. Bf2
{[%clk 0:06:53]} Rb4 {[%clk 1:16:12]} 33. Na8 {[%clk 0:06:59]} c4
{[%clk 1:16:16]} 34. Nc7 {[%clk 0:07:02]} Bd6 {[%clk 1:16:07]} 35. Nxe6
{[%clk 0:06:58]} Kxe6 {[%clk 1:16:36]} 36. Kf1 {[%clk 0:07:07]} Be5
{[%clk 1:16:50]} 37. g3 {[%clk 0:06:29]} c3 {[%clk 1:16:16]} 38. f4
{[%clk 0:06:15]} Bd6 {[%clk 1:15:55]} 39. Rxc3 {[%clk 0:06:19]} Rb1+
{[%clk 1:16:23]} 40. Kg2 {[%clk 0:06:24]} Rb2 {[%clk 1:16:49]} 41. Kf3
{[%clk 0:06:44]} Ra2 {[%clk 1:17:03]} 42. Rd3 {[%clk 0:06:46]} Be7
{[%clk 1:16:43]} 43. Ke4 {[%clk 0:06:20]} Ke5+ {[%clk 1:16:43]} 1/2-1/2

[Event "PMPJ 2022 - C15"]
[Site "Jastrzebia Gora"]
[Date "2022.11.12"]
[Round "4.15"]
[White "Jendrowiak, Maciej"]
[Black "Jankowski, Franciszek"]
[Result "0-1"]
[BlackElo "1500"]
[WhiteElo "1664"]
[LiveChessVersion "1.4.4"]

1. e4 c5 2. Nf3 e6 3. c3 d5 4. exd5 Qxd5 5. d4 Nf6 6. Be3 Nbd7 7. Na3 a6 8. Nc4
Be7 9. dxc5 Bxc5 10. Qc2 O-O 11. Rd1 Qc6 12. Nd4 Qc7 13. Nb3 Bxe3 14. Nxe3 b5 15.
Be2 Bb7 16. O-O Ne5 17. Rd4 Rfd8 18. Rfd1 Nd5 19. Nxd5 Bxd5 20. Bd3 Nxd3 21. Qxd3
Qe7 22. Nc1 Rd7 23. b3 Rad8 24. Qe3 e5 25. R4d2 f6 26. h3 Qf7 27. Qg3 Be4 28. Qe3
Qg6 29. g3 Qh5 30. f3 Rxd2 31. Rxd2 Rxd2 32. Qxd2 Qxf3 33. Qd8+ Kf7 34. Qd7+ Kg6
35. Qg4+ Qxg4 36. hxg4 Kg5 37. c4 Kxg4 38. Kf2 f5 39. c5 f4 40. gxf4 exf4 41. Ne2
Kf5 42. Nc3 Bc6 43. Ne2 Ke5 44. a3 g5 45. b4 h5 46. Nc1 Bd5 47. Kg1 Bc4 0-1